Trafficking in women and children in India; sexual exploitation and sale (Record no. 476036)

000 -LEADER
fixed length control field 00507cam a22001697a 4500
008 - FIXED-LENGTH DATA ELEMENTS--GENERAL INFORMATION
fixed length control field 180718b1988 xxu||||| |||| 00| 0 eng d
020 ## - INTERNATIONAL STANDARD BOOK NUMBER
International Standard Book Number 8185024340
082 ## - DEWEY DECIMAL CLASSIFICATION NUMBER
Classification number B18x54 R817
100 ## - MAIN ENTRY--PERSONAL NAME
Personal name Rozario, M. Rita
245 ## - TITLE STATEMENT
Title Trafficking in women and children in India; sexual exploitation and sale
Statement of responsibility, etc. by M. Rita Rozario
260 ## - PUBLICATION, DISTRIBUTION, ETC.
Place of publication, distribution, etc. New Delhi
Name of publisher, distributor, etc. Uppal
Date of publication, distribution, etc. 1988
300 ## - PHYSICAL DESCRIPTION
Extent 148p.
440 ## - SERIES STATEMENT/ADDED ENTRY--TITLE
Title Status of women series
650 ## - SUBJECT ADDED ENTRY--TOPICAL TERM
Topical term or geographic name entry element Women - India.
650 ## - SUBJECT ADDED ENTRY--TOPICAL TERM
Topical term or geographic name entry element Children - India
650 ## - SUBJECT ADDED ENTRY--TOPICAL TERM
Topical term or geographic name entry element Prostitution - India
Holdings
Withdrawn status Lost status Damaged status Not for loan Permanent Location Current Location Date acquired Full call number Barcode Date last seen Price effective from Koha item type
        Indian Institute of Public Administration Indian Institute of Public Administration 2018-08-04 B18x54 R817 GR12721 2018-08-04 2018-08-04 GR

Powered by Koha